[Event "Blondes - Brunettes"]
[Site "Moscow"]
[Date "2020.03.15"]
[Round "4.4"]
[White "Badelka, Olga"]
[Black "Charochkina, Daria"]
[Result "0-1"]
[BlackElo "2332"]
[WhiteElo "2153"]
[LiveChessVersion "1.4.8"]

1. c4 {[%clk 0:03:03]} e5 {[%clk 0:03:02]} 2. g3 {[%clk 0:03:04]} Nf6
{[%clk 0:03:01]} 3. Bg2 {[%clk 0:03:05]} d5 {[%clk 0:03:02]} 4. cxd5
{[%clk 0:03:06]} Nxd5 {[%clk 0:03:02]} 5. Nf3 {[%clk 0:03:07]} Nc6
{[%clk 0:03:01]} 6. O-O {[%clk 0:03:08]} Nb6 {[%clk 0:03:02]} 7. b3
{[%clk 0:03:09]} Be7 {[%clk 0:03:01]} 8. Bb2 {[%clk 0:03:10]} f6 {[%clk 0:02:59]}
9. Qc1 {[%clk 0:03:11]} O-O {[%clk 0:02:58]} 10. Rd1 {[%clk 0:03:12]} Qe8
{[%clk 0:02:08]} 11. Nc3 {[%clk 0:03:06]} Bg4 {[%clk 0:01:50]} 12. d4
{[%clk 0:02:49]} Bxf3 {[%clk 0:01:34]} 13. Bxf3 {[%clk 0:02:49]} Nxd4
{[%clk 0:01:17]} 14. Bxb7 {[%clk 0:02:48]} Rb8 {[%clk 0:01:05]} 15. Bg2
{[%clk 0:02:47]} Kh8 {[%clk 0:00:52]} 16. e3 {[%clk 0:02:47]} Ne6
{[%clk 0:00:48]} 17. Nd5 {[%clk 0:02:36]} Nxd5 {[%clk 0:00:48]} 18. Bxd5
{[%clk 0:02:36]} Bd6 {[%clk 0:00:49]} 19. Qc2 {[%clk 0:01:58]} f5
{[%clk 0:00:49]} 20. Rac1 {[%clk 0:01:49]} Qg6 {[%clk 0:00:47]} 21. a3
{[%clk 0:01:33]} Rbe8 {[%clk 0:00:47]} 22. b4 {[%clk 0:01:32]} Qh5
{[%clk 0:00:44]} 23. Qc4 {[%clk 0:01:27]} Ng5 {[%clk 0:00:42]} 24. Qc6
{[%clk 0:00:49]} e4 {[%clk 0:00:36]} 25. h4 {[%clk 0:00:26]} Nf3+
{[%clk 0:00:37]} 26. Kf1 {[%clk 0:00:18]} Qg4 {[%clk 0:00:36]} 27. Qd7
{[%clk 0:00:18]} Re7 {[%clk 0:00:36]} 28. Qb5 {[%clk 0:00:11]} Bxg3
{[%clk 0:00:31]} 29. fxg3 {[%clk 0:00:10]} Qxg3 {[%clk 0:00:32]} 30. Rd4
{[%clk 0:00:04]} f4 {[%clk 0:00:22]} 31. Ke2 {[%clk 0:00:04]} fxe3
{[%clk 0:00:21]} 32. Rxe4 Qf2+ {[%clk 0:00:21]} 33. Kd3 {[%clk 0:00:04]} Qd2+
{[%clk 0:00:22]} 34. Kc4 {[%clk 0:00:06]} Rxe4+ {[%clk 0:00:12]} 35. Bxe4
{[%clk 0:00:05]} Qxb2 {[%clk 0:00:12]} 36. Bxf3 {[%clk 0:00:06]} Qxc1+
{[%clk 0:00:13]} 37. Kd5 {[%clk 0:00:04]} c6+ {[%clk 0:00:12]} 0-1

[Event "Blondes - Brunettes"]
[Site "Moscow"]
[Date "2020.03.15"]
[Round "4.5"]
[White "Obolentseva, Alexandra"]
[Black "Voit, Daria"]
[Result "1-0"]
[BlackElo "2326"]
[WhiteElo "2113"]
[LiveChessVersion "1.4.8"]

1. d4 {[%clk 0:03:02]} Nf6 {[%clk 0:03:03]} 2. c4 {[%clk 0:03:03]} e6
{[%clk 0:03:04]} 3. Nc3 {[%clk 0:03:02]} Bb4 {[%clk 0:03:05]} 4. Qc2
{[%clk 0:03:03]} O-O {[%clk 0:03:02]} 5. Nf3 {[%clk 0:03:02]} d5 {[%clk 0:03:03]}
6. e3 {[%clk 0:02:55]} c5 {[%clk 0:02:59]} 7. dxc5 {[%clk 0:02:55]} Bxc5
{[%clk 0:02:43]} 8. cxd5 {[%clk 0:02:55]} Nxd5 {[%clk 0:02:42]} 9. Nxd5
{[%clk 0:02:52]} Qxd5 {[%clk 0:02:42]} 10. Bd3 {[%clk 0:02:50]} Bb4+
{[%clk 0:02:39]} 11. Bd2 {[%clk 0:02:48]} Bxd2+ {[%clk 0:02:38]} 12. Qxd2
{[%clk 0:02:40]} Nc6 {[%clk 0:02:23]} 13. O-O {[%clk 0:02:32]} Rd8
{[%clk 0:02:12]} 14. Rfd1 {[%clk 0:02:29]} h6 {[%clk 0:02:11]} 15. Qe2
{[%clk 0:02:12]} Qa5 {[%clk 0:02:04]} 16. a3 {[%clk 0:02:10]} Bd7
{[%clk 0:02:04]} 17. Be4 {[%clk 0:01:32]} Qb6 {[%clk 0:02:00]} 18. Rd6
{[%clk 0:01:22]} Be8 {[%clk 0:01:59]} 19. Rad1 {[%clk 0:01:20]} Rxd6
{[%clk 0:01:57]} 20. Rxd6 {[%clk 0:01:20]} Rd8 {[%clk 0:01:58]} 21. Rxd8
{[%clk 0:01:10]} Qxd8 {[%clk 0:01:59]} 22. Qc2 {[%clk 0:00:57]} Qb6
{[%clk 0:01:45]} 23. Nd2 {[%clk 0:00:56]} Qb5 {[%clk 0:01:39]} 24. Nc4
{[%clk 0:00:53]} Qc5 {[%clk 0:01:18]} 25. b4 {[%clk 0:00:53]} Qg5
{[%clk 0:01:13]} 26. Nd6 {[%clk 0:00:46]} Qe7 {[%clk 0:01:11]} 27. Nxe8
{[%clk 0:00:33]} Qxe8 {[%clk 0:01:13]} 28. Qc5 {[%clk 0:00:31]} Qd7
{[%clk 0:01:13]} 29. g3 {[%clk 0:00:27]} a6 {[%clk 0:00:51]} 30. Qb6
{[%clk 0:00:20]} Nd8 {[%clk 0:00:39]} 31. Kg2 {[%clk 0:00:20]} Qe7
{[%clk 0:00:38]} 32. Qd4 {[%clk 0:00:14]} Qc7 {[%clk 0:00:38]} 33. Qa7
{[%clk 0:00:07]} g6 {[%clk 0:00:34]} 34. Qd4 {[%clk 0:00:07]} h5 {[%clk 0:00:30]}
35. a4 {[%clk 0:00:08]} Qe7 {[%clk 0:00:12]} 36. b5 {[%clk 0:00:05]} axb5
{[%clk 0:00:13]} 37. axb5 {[%clk 0:00:06]} Qc7 {[%clk 0:00:12]} 38. b6
{[%clk 0:00:07]} Qe7 {[%clk 0:00:13]} 39. Qc4 {[%clk 0:00:08]} Qd6
{[%clk 0:00:08]} 40. Qc7 {[%clk 0:00:09]} Qd2 {[%clk 0:00:04]} 41. Bxb7
{[%clk 0:00:09]} Kg7 {[%clk 0:00:03]} 42. Bf3 {[%clk 0:00:09]} 1-0

[Event "Blondes - Brunettes"]
[Site "Moscow"]
[Date "2020.03.15"]
[Round "4.6"]
[White "Fominykh, Maria"]
[Black "Shuvalova, Polina"]
[Result "1-0"]
[BlackElo "2319"]
[WhiteElo "2108"]
[LiveChessVersion "1.4.8"]

1. Nf3 {[%clk 0:03:03]} Nf6 {[%clk 0:03:04]} 2. g3 {[%clk 0:03:04]} d5
{[%clk 0:03:05]} 3. Bg2 {[%clk 0:03:05]} e6 {[%clk 0:03:06]} 4. d3
{[%clk 0:03:05]} c5 {[%clk 0:03:06]} 5. O-O {[%clk 0:03:05]} Nc6 {[%clk 0:03:07]}
6. Nbd2 {[%clk 0:03:03]} Be7 {[%clk 0:03:06]} 7. e4 {[%clk 0:03:04]} O-O
{[%clk 0:03:07]} 8. Re1 {[%clk 0:03:02]} dxe4 {[%clk 0:02:55]} 9. dxe4
{[%clk 0:03:01]} e5 {[%clk 0:02:56]} 10. c3 {[%clk 0:02:59]} Be6 {[%clk 0:02:52]}
11. Qc2 {[%clk 0:02:40]} h6 {[%clk 0:02:51]} 12. a4 {[%clk 0:02:33]} Rc8
{[%clk 0:02:52]} 13. Bf1 {[%clk 0:02:31]} Qc7 {[%clk 0:02:33]} 14. Nc4
{[%clk 0:02:18]} Rfd8 {[%clk 0:02:18]} 15. Ne3 {[%clk 0:02:11]} Qb6
{[%clk 0:02:09]} 16. Bc4 {[%clk 0:02:02]} Bxc4 {[%clk 0:01:19]} 17. Nxc4 Qc7 18.
Nh4 {[%clk 0:01:58]} Nd7 {[%clk 0:01:04]} 19. Nf5 {[%clk 0:01:57]} Nf8
{[%clk 0:01:02]} 20. Qe2 {[%clk 0:01:51]} Ne6 {[%clk 0:00:52]} 21. Qg4
{[%clk 0:01:45]} Kh7 {[%clk 0:00:27]} 22. Nce3 {[%clk 0:01:34]} Bg5
{[%clk 0:00:25]} 23. Nd5 {[%clk 0:01:29]} Qd7 {[%clk 0:00:21]} 24. h4
{[%clk 0:01:06]} Bxc1 {[%clk 0:00:22]} 25. Raxc1 {[%clk 0:01:07]} Kh8
{[%clk 0:00:14]} 26. Rcd1 {[%clk 0:01:06]} Qe8 {[%clk 0:00:16]} 27. Nde3
{[%clk 0:00:44]} Qf8 {[%clk 0:00:17]} 28. Nc4 {[%clk 0:00:42]} Rxd1
{[%clk 0:00:10]} 29. Rxd1 {[%clk 0:00:42]} Rd8 {[%clk 0:00:08]} 30. Rxd8
{[%clk 0:00:25]} Qxd8 {[%clk 0:00:09]} 31. Ncd6 Qd7 32. Nc4 {[%clk 0:00:06]} f6
{[%clk 0:00:05]} 33. Kg2 {[%clk 0:00:06]} Nf8 {[%clk 0:00:06]} 34. Qf3
{[%clk 0:00:05]} b6 {[%clk 0:00:05]} 35. Nfe3 {[%clk 0:00:06]} Ne7
{[%clk 0:00:05]} 36. Qe2 {[%clk 0:00:06]} Ne6 {[%clk 0:00:07]} 37. Qd2
{[%clk 0:00:04]} Qxd2 {[%clk 0:00:07]} 38. Nxd2 {[%clk 0:00:05]} Kg8
{[%clk 0:00:08]} 39. Ndc4 {[%clk 0:00:05]} Kf8 {[%clk 0:00:08]} 40. Nd6
{[%clk 0:00:05]} Nc7 {[%clk 0:00:06]} 41. Ndc4 {[%clk 0:00:04]} Nc6
{[%clk 0:00:07]} 42. Kf3 {[%clk 0:00:05]} Ke7 {[%clk 0:00:08]} 43. Nf5+
{[%clk 0:00:05]} Kf8 {[%clk 0:00:08]} 44. Ncd6 {[%clk 0:00:06]} Ne6
{[%clk 0:00:06]} 45. Ke2 {[%clk 0:00:07]} Nc7 {[%clk 0:00:05]} 46. Kd3
{[%clk 0:00:07]} Na5 {[%clk 0:00:05]} 47. Kc2 {[%clk 0:00:07]} Ne8
{[%clk 0:00:05]} 48. Nc8 {[%clk 0:00:08]} Nc6 {[%clk 0:00:06]} 49. Kb3
{[%clk 0:00:06]} h5 {[%clk 0:00:04]} 50. Kc4 {[%clk 0:00:07]} g6 {[%clk 0:00:05]}
51. Nfd6 {[%clk 0:00:07]} Nc7 {[%clk 0:00:04]} 52. Nb5 {[%clk 0:00:06]} Nxb5 53.
Kxb5 {[%clk 0:00:06]} Nd8 {[%clk 0:00:03]} 54. Nxa7 {[%clk 0:00:05]} Ne6
{[%clk 0:00:03]} 55. Kxb6 {[%clk 0:00:06]} c4 {[%clk 0:00:05]} 56. a5
{[%clk 0:00:07]} g5 {[%clk 0:00:06]} 57. hxg5 {[%clk 0:00:07]} Nxg5
{[%clk 0:00:07]} 58. a6 {[%clk 0:00:08]} Nxe4 {[%clk 0:00:08]} 59. Nc6
{[%clk 0:00:09]} 1-0

[Event "Blondes - Brunettes"]
[Site "Moscow"]
[Date "2020.03.15"]
[Round "4.7"]
[White "Larina, Maria"]
[Black "Dordzhieva, Dinara"]
[Result "0-1"]
[BlackElo "2273"]
[WhiteElo "1776"]
[LiveChessVersion "1.4.8"]

1. e4 {[%clk 0:03:03]} c5 {[%clk 0:03:03]} 2. Nc3 {[%clk 0:03:04]} Nc6
{[%clk 0:03:04]} 3. g3 {[%clk 0:03:05]} g6 {[%clk 0:03:05]} 4. Bg2
{[%clk 0:03:06]} Bg7 {[%clk 0:03:06]} 5. d3 {[%clk 0:03:07]} d6 {[%clk 0:03:07]}
6. Be3 {[%clk 0:03:08]} e6 {[%clk 0:03:05]} 7. Qd2 {[%clk 0:03:09]} Nd4
{[%clk 0:03:04]} 8. Nce2 {[%clk 0:03:07]} Qc7 {[%clk 0:02:42]} 9. c3
{[%clk 0:03:06]} Nxe2 {[%clk 0:02:41]} 10. Nxe2 {[%clk 0:03:06]} Bd7
{[%clk 0:02:37]} 11. d4 {[%clk 0:03:01]} Ne7 {[%clk 0:02:30]} 12. O-O
{[%clk 0:02:59]} O-O {[%clk 0:02:30]} 13. Rac1 {[%clk 0:02:55]} Rad8
{[%clk 0:02:23]} 14. f4 {[%clk 0:02:52]} Qa5 {[%clk 0:02:16]} 15. b3
{[%clk 0:02:49]} cxd4 {[%clk 0:02:15]} 16. cxd4 {[%clk 0:02:37]} Qxd2
{[%clk 0:02:16]} 17. Bxd2 {[%clk 0:02:37]} Bb5 {[%clk 0:02:17]} 18. Bf3
{[%clk 0:01:49]} Bxe2 {[%clk 0:02:15]} 19. Bxe2 {[%clk 0:01:51]} Bxd4+
{[%clk 0:02:16]} 20. Kg2 {[%clk 0:01:52]} Nc6 {[%clk 0:02:17]} 21. Rc2
{[%clk 0:01:46]} Bc5 {[%clk 0:02:04]} 22. Rc4 {[%clk 0:01:36]} b5
{[%clk 0:01:18]} 23. Rcc1 {[%clk 0:01:31]} b4 {[%clk 0:01:17]} 24. Bb5
{[%clk 0:01:24]} Nd4 {[%clk 0:01:18]} 25. Bc4 {[%clk 0:01:16]} a5
{[%clk 0:01:19]} 26. Be3 {[%clk 0:01:12]} Nxb3 {[%clk 0:01:20]} 27. axb3
{[%clk 0:01:08]} Bxe3 28. Ra1 Ra8 {[%clk 0:01:18]} 29. Kf3 {[%clk 0:01:10]} Bc5
{[%clk 0:01:16]} 30. Rfd1 {[%clk 0:01:10]} Rfc8 {[%clk 0:01:16]} 31. Rdc1
{[%clk 0:01:04]} Kf8 {[%clk 0:01:16]} 32. Ke2 {[%clk 0:01:05]} Ke7
{[%clk 0:01:17]} 33. Kd3 {[%clk 0:01:06]} Rc7 {[%clk 0:01:04]} 34. Bb5
{[%clk 0:01:06]} f5 {[%clk 0:00:49]} 35. Re1 {[%clk 0:00:45]} fxe4+
{[%clk 0:00:38]} 36. Rxe4 {[%clk 0:00:46]} d5 {[%clk 0:00:38]} 37. Re5
{[%clk 0:00:45]} Bd6 {[%clk 0:00:38]} 38. Re2 {[%clk 0:00:45]} Rc3+
{[%clk 0:00:39]} 39. Kd4 {[%clk 0:00:38]} Kf6 {[%clk 0:00:34]} 0-1

[Event "Blondes - Brunettes"]
[Site "Moscow"]
[Date "2020.03.15"]
[Round "4.8"]
[White "Zhukova, Natalia"]
[Black "Guseva, Marina"]
[Result "1-0"]
[BlackElo "2259"]
[WhiteElo "2423"]
[LiveChessVersion "1.4.8"]

1. c4 {[%clk 0:03:03]} e5 {[%clk 0:02:59]} 2. Nc3 {[%clk 0:03:04]} Nf6
{[%clk 0:02:57]} 3. Nf3 {[%clk 0:03:04]} Nc6 {[%clk 0:02:58]} 4. e4
{[%clk 0:03:05]} Bb4 {[%clk 0:02:56]} 5. d3 {[%clk 0:03:05]} d6 {[%clk 0:02:55]}
6. a3 {[%clk 0:03:06]} Bc5 {[%clk 0:02:46]} 7. Be2 {[%clk 0:02:59]} a6
{[%clk 0:02:42]} 8. O-O {[%clk 0:02:57]} h6 {[%clk 0:02:36]} 9. b4
{[%clk 0:02:57]} Ba7 {[%clk 0:02:34]} 10. Rb1 {[%clk 0:02:58]} Nd4
{[%clk 0:02:32]} 11. Be3 {[%clk 0:02:52]} Nxe2+ {[%clk 0:02:28]} 12. Qxe2
{[%clk 0:02:52]} Bxe3 {[%clk 0:02:16]} 13. Qxe3 {[%clk 0:02:50]} O-O
{[%clk 0:02:08]} 14. d4 {[%clk 0:02:33]} exd4 {[%clk 0:02:06]} 15. Nxd4
{[%clk 0:02:25]} Re8 {[%clk 0:02:04]} 16. Rbd1 {[%clk 0:02:15]} Qe7
{[%clk 0:01:58]} 17. f3 {[%clk 0:02:14]} Bd7 {[%clk 0:01:51]} 18. Qf2
{[%clk 0:02:12]} Rac8 {[%clk 0:01:33]} 19. Rfe1 {[%clk 0:02:08]} Qe5
{[%clk 0:01:28]} 20. Nd5 {[%clk 0:01:56]} Nxd5 {[%clk 0:00:38]} 21. cxd5
{[%clk 0:01:56]} f5 {[%clk 0:00:12]} 22. exf5 {[%clk 0:01:13]} Qxd5
{[%clk 0:00:12]} 23. f6 {[%clk 0:01:15]} Qg5 {[%clk 0:00:12]} 24. fxg7
{[%clk 0:01:09]} Qxg7 {[%clk 0:00:11]} 25. f4 {[%clk 0:00:41]} c5
{[%clk 0:00:11]} 26. bxc5 {[%clk 0:00:30]} dxc5 {[%clk 0:00:12]} 27. Nf3
{[%clk 0:00:31]} Rxe1+ {[%clk 0:00:06]} 28. Rxe1 {[%clk 0:00:30]} c4
{[%clk 0:00:05]} 29. Ne5 {[%clk 0:00:31]} Bf5 {[%clk 0:00:05]} 30. Qd4
{[%clk 0:00:15]} Qc7 {[%clk 0:00:05]} 31. Qd5+ {[%clk 0:00:16]} Kg7
{[%clk 0:00:05]} 32. Nxc4 {[%clk 0:00:05]} Qc5+ {[%clk 0:00:05]} 33. Qxc5
{[%clk 0:00:05]} Rxc5 {[%clk 0:00:06]} 34. Nd6 {[%clk 0:00:06]} b5
{[%clk 0:00:07]} 35. h3 {[%clk 0:00:06]} Bd3 {[%clk 0:00:08]} 36. g4
{[%clk 0:00:05]} Rc3 {[%clk 0:00:09]} 37. f5 {[%clk 0:00:04]} Rxa3
{[%clk 0:00:09]} 38. Ne8+ {[%clk 0:00:05]} Kf8 {[%clk 0:00:10]} 39. Nf6
{[%clk 0:00:06]} Bc4 {[%clk 0:00:10]} 40. Nd7+ {[%clk 0:00:07]} Kf7
{[%clk 0:00:11]} 41. h4 {[%clk 0:00:07]} Rg3+ {[%clk 0:00:12]} 42. Kf2
{[%clk 0:00:08]} Rh3 {[%clk 0:00:13]} 43. Ne5+ {[%clk 0:00:08]} Kf6
{[%clk 0:00:13]} 44. Nd7+ {[%clk 0:00:08]} Kf7 {[%clk 0:00:15]} 45. g5
{[%clk 0:00:09]} hxg5 {[%clk 0:00:15]} 46. hxg5 {[%clk 0:00:10]} a5
{[%clk 0:00:14]} 47. g6+ {[%clk 0:00:11]} Kg8 {[%clk 0:00:14]} 48. f6
{[%clk 0:00:12]} Bf7 {[%clk 0:00:14]} 49. gxf7+ {[%clk 0:00:12]} Kxf7
{[%clk 0:00:15]} 50. Re7+ {[%clk 0:00:13]} Kg6 {[%clk 0:00:15]} 51. Rg7+
{[%clk 0:00:13]} Kh6 {[%clk 0:00:16]} 52. Rg8 {[%clk 0:00:12]} Kh7
{[%clk 0:00:16]} 53. f7 {[%clk 0:00:13]} Rh2+ {[%clk 0:00:17]} 54. Kg3
{[%clk 0:00:13]} Rh6 {[%clk 0:00:16]} 55. f8=Q {[%clk 0:00:12]} 1-0

[Event "Blondes - Brunettes"]
[Site "Moscow"]
[Date "2020.03.15"]
[Round "4.9"]
[White "Maltsevskaya, Aleksandra"]
[Black "Mirzoeva, Elmira"]
[Result "1-0"]
[BlackElo "2135"]
[WhiteElo "2306"]
[LiveChessVersion "1.4.8"]

1. e4 {[%clk 0:03:01]} d6 {[%clk 0:03:03]} 2. d4 {[%clk 0:03:01]} Nf6
{[%clk 0:03:04]} 3. Bd3 {[%clk 0:03:02]} e5 {[%clk 0:03:01]} 4. Nf3
{[%clk 0:03:01]} Nc6 {[%clk 0:03:00]} 5. c3 {[%clk 0:03:01]} g6 {[%clk 0:03:00]}
6. O-O {[%clk 0:02:58]} Bg7 {[%clk 0:03:01]} 7. Bg5 {[%clk 0:02:55]} h6
{[%clk 0:02:55]} 8. Bh4 {[%clk 0:02:56]} O-O {[%clk 0:02:54]} 9. h3
{[%clk 0:02:49]} Bd7 {[%clk 0:02:26]} 10. Na3 {[%clk 0:02:46]} g5
{[%clk 0:01:51]} 11. Bg3 {[%clk 0:02:47]} Nh5 {[%clk 0:01:51]} 12. Nxe5
{[%clk 0:02:22]} Nxe5 {[%clk 0:01:30]} 13. Bxe5 {[%clk 0:02:15]} dxe5
{[%clk 0:01:26]} 14. Qxh5 {[%clk 0:02:15]} exd4 {[%clk 0:01:26]} 15. Rad1
{[%clk 0:02:07]} dxc3 {[%clk 0:01:09]} 16. bxc3 {[%clk 0:02:06]} Qf6
{[%clk 0:00:45]} 17. Nc4 {[%clk 0:02:04]} Ba4 {[%clk 0:00:31]} 18. Rc1
{[%clk 0:01:47]} Rad8 {[%clk 0:00:30]} 19. Qe2 {[%clk 0:00:46]} Rfe8
{[%clk 0:00:15]} 20. Ne3 {[%clk 0:00:40]} Qg6 {[%clk 0:00:11]} 21. Bb1
{[%clk 0:00:35]} a6 {[%clk 0:00:06]} 22. Rfe1 {[%clk 0:00:31]} Be5
{[%clk 0:00:07]} 23. Nf5 {[%clk 0:00:18]} Qf6 {[%clk 0:00:08]} 24. Qf3
{[%clk 0:00:17]} Rd7 {[%clk 0:00:07]} 25. Qg4 {[%clk 0:00:17]} Red8
{[%clk 0:00:07]} 26. Qh5 {[%clk 0:00:08]} Kh7 {[%clk 0:00:08]} 27. Ne3
{[%clk 0:00:07]} Qg6 {[%clk 0:00:09]} 28. Qf3 {[%clk 0:00:06]} Qf6
{[%clk 0:00:10]} 29. Qh5 {[%clk 0:00:07]} Qg6 {[%clk 0:00:09]} 30. Qe2
{[%clk 0:00:06]} Qf6 {[%clk 0:00:08]} 31. Ng4 {[%clk 0:00:06]} Qe6
{[%clk 0:00:08]} 32. Qf3 {[%clk 0:00:05]} Kg7 {[%clk 0:00:09]} 33. g3
{[%clk 0:00:04]} f6 {[%clk 0:00:09]} 34. Kg2 {[%clk 0:00:04]} Bc6
{[%clk 0:00:10]} 35. c4 {[%clk 0:00:04]} f5 {[%clk 0:00:11]} 36. Ne3
{[%clk 0:00:05]} fxe4 {[%clk 0:00:12]} 37. Bxe4 {[%clk 0:00:05]} Bxe4
{[%clk 0:00:13]} 38. Qxe4 {[%clk 0:00:06]} Qd6 {[%clk 0:00:13]} 39. Nf5+
{[%clk 0:00:07]} 1-0

[Event "Blondes - Brunettes"]
[Site "Moscow"]
[Date "2020.03.15"]
[Round "4.10"]
[White "Danielian, Elina"]
[Black "Kosteniuk, Oksana"]
[Result "1-0"]
[BlackElo "1927"]
[WhiteElo "2262"]
[LiveChessVersion "1.4.8"]

1. d4 {[%clk 0:03:03]} d5 {[%clk 0:03:03]} 2. Bf4 {[%clk 0:03:03]} c6
{[%clk 0:03:00]} 3. Nf3 {[%clk 0:02:58]} Nf6 {[%clk 0:03:00]} 4. e3
{[%clk 0:03:00]} Bg4 {[%clk 0:02:57]} 5. c4 {[%clk 0:03:00]} e6 {[%clk 0:02:56]}
6. Nbd2 {[%clk 0:03:00]} Nbd7 {[%clk 0:02:54]} 7. Qb3 {[%clk 0:03:01]} dxc4
{[%clk 0:02:12]} 8. Bxc4 {[%clk 0:02:46]} Nb6 {[%clk 0:02:09]} 9. Bd3
{[%clk 0:02:26]} Nfd5 {[%clk 0:01:50]} 10. Bg3 {[%clk 0:02:23]} Bd6
{[%clk 0:01:26]} 11. a3 {[%clk 0:02:13]} O-O {[%clk 0:01:21]} 12. Rc1
{[%clk 0:02:05]} Bc7 {[%clk 0:01:04]} 13. O-O {[%clk 0:01:51]} Qd7
{[%clk 0:00:56]} 14. Ne5 {[%clk 0:01:24]} Bxe5 {[%clk 0:00:55]} 15. Bxe5
{[%clk 0:01:25]} Bh5 {[%clk 0:00:53]} 16. Ne4 {[%clk 0:01:14]} f6
{[%clk 0:00:42]} 17. Bg3 {[%clk 0:01:11]} Bg6 {[%clk 0:00:41]} 18. Nc5
{[%clk 0:01:11]} Qe7 {[%clk 0:00:40]} 19. e4 {[%clk 0:01:11]} Nc7
{[%clk 0:00:37]} 20. Bxc7 {[%clk 0:01:09]} Qxc7 {[%clk 0:00:37]} 21. Nxe6
{[%clk 0:00:52]} Qf7 {[%clk 0:00:39]} 22. Bc2 {[%clk 0:00:40]} Rfe8
{[%clk 0:00:33]} 23. Nc7 {[%clk 0:00:40]} Re7 {[%clk 0:00:23]} 24. Nxa8
{[%clk 0:00:33]} Nxa8 {[%clk 0:00:22]} 25. Qxf7+ {[%clk 0:00:26]} Kxf7
{[%clk 0:00:21]} 26. Bb3+ {[%clk 0:00:27]} Kf8 {[%clk 0:00:21]} 27. f3
{[%clk 0:00:27]} Nc7 {[%clk 0:00:21]} 28. Rfd1 {[%clk 0:00:27]} Nb5
{[%clk 0:00:20]} 29. d5 {[%clk 0:00:27]} cxd5 {[%clk 0:00:20]} 30. Rc8+
{[%clk 0:00:24]} Re8 {[%clk 0:00:19]} 31. Rxe8+ {[%clk 0:00:24]} Kxe8
{[%clk 0:00:20]} 32. Ba4 {[%clk 0:00:24]} 1-0

[Event "Blondes - Brunettes"]
[Site "Moscow"]
[Date "2020.03.15"]
[Round "5.1"]
[White "Kosteniuk, Alexandra"]
[Black "Kovalevskaya, Ekaterina"]
[Result "1/2-1/2"]
[BlackElo "2243"]
[WhiteElo "2521"]
[LiveChessVersion "1.4.8"]

1. e4 {[%clk 0:03:03]} c5 {[%clk 0:03:03]} 2. c3 {[%clk 0:03:04]} d5
{[%clk 0:03:01]} 3. exd5 {[%clk 0:03:04]} Qxd5 {[%clk 0:03:02]} 4. d4
{[%clk 0:03:06]} cxd4 {[%clk 0:03:02]} 5. cxd4 {[%clk 0:03:07]} Nc6
{[%clk 0:03:02]} 6. Nf3 {[%clk 0:03:07]} e6 {[%clk 0:03:03]} 7. Nc3
{[%clk 0:03:07]} Qd8 {[%clk 0:03:04]} 8. Bd3 {[%clk 0:02:59]} Nf6
{[%clk 0:03:04]} 9. O-O {[%clk 0:02:58]} Be7 {[%clk 0:03:03]} 10. a3
{[%clk 0:02:59]} O-O {[%clk 0:03:03]} 11. Bc2 {[%clk 0:02:59]} b6
{[%clk 0:02:55]} 12. Qd3 {[%clk 0:02:56]} Bb7 {[%clk 0:02:54]} 13. Bg5
{[%clk 0:02:54]} g6 {[%clk 0:02:53]} 14. Rfe1 {[%clk 0:02:48]} Rc8
{[%clk 0:02:41]} 15. Rad1 {[%clk 0:02:48]} Nd5 {[%clk 0:02:27]} 16. Bh6
{[%clk 0:02:44]} Re8 {[%clk 0:02:27]} 17. Bb3 {[%clk 0:02:31]} Na5
{[%clk 0:01:51]} 18. Ba2 {[%clk 0:02:31]} Nxc3 {[%clk 0:01:41]} 19. bxc3
{[%clk 0:02:32]} Bd5 {[%clk 0:01:41]} 20. Bxd5 {[%clk 0:02:18]} Qxd5
{[%clk 0:01:41]} 21. Ne5 {[%clk 0:02:19]} Nc4 {[%clk 0:01:11]} 22. Qg3
{[%clk 0:01:36]} Nxe5 {[%clk 0:00:59]} 23. Rxe5 {[%clk 0:01:01]} Qb3
{[%clk 0:00:53]} 24. Qg4 {[%clk 0:00:59]} Bf6 {[%clk 0:00:36]} 25. Re3
{[%clk 0:00:29]} Rxc3 {[%clk 0:00:35]} 26. Rde1 {[%clk 0:00:30]} Rxe3
{[%clk 0:00:28]} 27. fxe3 {[%clk 0:00:31]} Bg7 {[%clk 0:00:28]} 28. Bxg7
{[%clk 0:00:28]} Kxg7 {[%clk 0:00:29]} 29. Qf4 {[%clk 0:00:29]} Qxa3
{[%clk 0:00:26]} 30. Rf1 {[%clk 0:00:30]} Qe7 {[%clk 0:00:26]} 31. h4
{[%clk 0:00:31]} h5 {[%clk 0:00:27]} 32. Qe5+ {[%clk 0:00:32]} Kg8
{[%clk 0:00:24]} 33. Rf6 {[%clk 0:00:33]} Rd8 {[%clk 0:00:22]} 34. Qg5
{[%clk 0:00:34]} Qf8 {[%clk 0:00:23]} 35. Rf1 {[%clk 0:00:11]} Rd5
{[%clk 0:00:24]} 36. Qf6 {[%clk 0:00:12]} Rf5 {[%clk 0:00:22]} 37. Rxf5
{[%clk 0:00:13]} gxf5 {[%clk 0:00:22]} 38. d5 {[%clk 0:00:10]} exd5
{[%clk 0:00:21]} 39. Qxf5 {[%clk 0:00:11]} Qe7 {[%clk 0:00:22]} 40. Kf2
{[%clk 0:00:11]} Qe4 {[%clk 0:00:22]} 41. Qg5+ {[%clk 0:00:11]} Qg6
{[%clk 0:00:22]} 42. Qxd5 {[%clk 0:00:12]} a5 {[%clk 0:00:24]} 43. Qd8+
{[%clk 0:00:12]} Kg7 {[%clk 0:00:25]} 44. Kg1 {[%clk 0:00:09]} Qf6
{[%clk 0:00:23]} 45. Qd5 {[%clk 0:00:08]} Qxh4 {[%clk 0:00:22]} 46. Qe5+
{[%clk 0:00:09]} Qf6 {[%clk 0:00:20]} 47. Qxh5 {[%clk 0:00:11]} Qg6
{[%clk 0:00:19]} 48. Qe5+ {[%clk 0:00:11]} Kh7 {[%clk 0:00:19]} 49. Qh2+
{[%clk 0:00:11]} Qh6 {[%clk 0:00:17]} 50. Qe5 {[%clk 0:00:12]} a4
{[%clk 0:00:13]} 51. Qe4+ {[%clk 0:00:13]} Kg7 {[%clk 0:00:14]} 52. Qd4+
{[%clk 0:00:13]} Kg8 {[%clk 0:00:10]} 53. Qg4+ {[%clk 0:00:09]} Kf8
{[%clk 0:00:09]} 54. Qb4+ {[%clk 0:00:10]} Kg7 {[%clk 0:00:10]} 55. Qd4+
{[%clk 0:00:10]} Kg8 {[%clk 0:00:10]} 1/2-1/2